000 00447nam a2200181Ia 4500
001 2704
005 20260306144826.0
008 260306t2001||||xx |||||||||||||| ||spa||
041 _aESP
082 _a213.2
_bC75
100 _aColzani, Gianni
_eAUT
245 0 _aAntropología teológica:
_bel hombre: paradoja y misterio
260 _c2001
300 _a684 páginas :
_c22 cm.
650 _aGEN
654 _aCHU
942 _cLIB
_dJUS
_fJUS
_2ddc
_n
999 _c2704
_d2704